00289nam a2200109Ia 4500008004100000041000800041082001200049100001700061245003800078260003200116300003100148240624s9999 xx 000 0 und d aeng a920 NAY aNAYAR KULDIP aBEYOND THE LINES AN AUTOBIOGRAPHY c2012aNew DelhibRoli Books axii, : 420 : p. : cm. ; 24